Quattro archeologi del nostro secolo
Guardat en:
| Autor principal: | |
|---|---|
| Format: | Llibre |
| Idioma: | italià |
| Publicat: |
Pisa
Giardini
1976
|
| Col·lecció: | Biblioteca Degli Studi Classici e Orientali, 5
|
| Matèries: | |
| Etiquetes: |
Afegir etiqueta
Sense etiquetes, Sigues el primer a etiquetar aquest registre!
|
MARC
| LEADER | 00000nam a2200000 a 4500 | ||
|---|---|---|---|
| 001 | UCP9043 | ||
| 003 | CL-VaPUC | ||
| 008 | 000317e19760000IT |||||||||||||||||ita|d | ||
| 082 | 0 | 4 | |a 930.1 |b ARI |2 21 |
| 100 | 0 | |a Arias, Enrico Paolo |e author |9 439365 | |
| 245 | 1 | 0 | |a Quattro archeologi del nostro secolo |
| 300 | |a 152 p | ||
| 942 | |c BK | ||
| 945 | |d 20000317 00:00:00 |a rherrera | ||
| 260 | |a Pisa |b Giardini |c 1976 | ||
| 650 | 0 | |a Arqueología |9 265619 | |
| 650 | 0 | |a Historia antigua |9 267521 | |
| 650 | 0 | |a Investigación |9 257811 | |
| 650 | 0 | |a Crítica e interpretación |9 255042 | |
| 583 | |a last modification |c 20000317 00:00:00 |k Rodrigo Vera | ||
| 490 | 0 | |a Biblioteca Degli Studi Classici e Orientali, 5 | |
| 999 | |c 285896 |d 285894 | ||
| 952 | |0 0 |1 0 |4 0 |6 930_100000000000000_ARI_1976 |7 0 |8 A |9 330754 |a BIBHIS |b BIBHIS |d 2019-11-20 |i 1395173 |o 930.1 ARI 1976 |p 1395173 |r 2025-01-20 |w 2019-11-20 |y BK |k HIS | ||